All 100K+ Cities in Nepal on a Map - Statistics

General Stats
  • This quiz has been taken 9 times
  • The average score is 10 of 37
Answers on the Map
Answers color-coded by a green-red scale on the quiz's map according to % correct below.
 
Answer Stats
Population Answer % Correct
~862,400 Kathmandu
100%
~513,500 Pokhara
83%
~243,900 Biratnagar
67%
~272,400 Birgunj
50%
~194,300 Butwal
50%
~166,500 Dharan
50%
~193,600 Hetauda
50%
~197,200 Itahari
50%
~194,600 Janakpur
50%
~294,100 Lalitpur
50%
~164,400 Nepalgunj
50%
~116,200 Birtamod
33%
~177,600 Budhanilkantha
33%
~107,200 Damak
33%
~198,800 Dhangadhi
33%
~123,100 Mahalaxmi
33%
~140,100 Suryabinayak
33%
~133,800 Tokha
33%
~369,300 Bharatpur
17%
~153,900 Birendranagar
17%
~136,900 Chandragiri
17%
~127,300 Jitpursimara
17%
~102,000 Lahan
17%
~119,800 Madhyapur Thimi
17%
~179,800 Tulsipur
17%
~122,300 Bhimdatta
0%
~102,700 Gaighat
0%
~200,500 Ghorahi
0%
~149,400 Gokarneshwor
0%
~130,400 Kageshwori Manohara
0%
~136,200 Kalaiya
0%
~101,700 Kohalpur
0%
~133,100 Mechinagar
0%
~115,400 Nagarjun
0%
~120,200 Sundarharaicha
0%
~151,500 Tarakeshwar
0%
~149,500 Tilottama
0%
No matching quizzes found
Score Distribution
Percent of People with Each Score
Percentile by Number Answered
Your Score History
You have not taken this quiz